000 05056cam a22004338a 4500
001 8041802
003 ARRUPE
005 20141105180600.0
008 100507s2010 nyu b 001 0 eng
010 _a 2010019086
020 _a9780393071627 (hardcover)
020 _a0393071626 (hardcover)
020 _a9780393340525 (paperback)
024 _a40018360723
035 _a(OCoLC)ocn601094356
035 _a(OCoLC)601094356
035 _a(NNC)8041802
040 _aDLC
_cDLC
_dBTCTA
_dUKM
_dYDXCP
_dUPZ
_dZPX
_dOrLoB-B
050 0 0 _aHM836
_b.A67 2010
082 0 0 _a303.48/409
_222
100 1 _aAppiah, Anthony.
_912440
245 1 4 _aThe honor code :
_bhow moral revolutions happen /
_cKwame Anthony Appiah.
250 _a1st ed.
260 _aNew York :
_bW.W. Norton,
_c2010.
300 _axix, 264 p. ;
_c22 cm.
504 _aIncludes bibliographical references and index.
505 0 0 _gOne.
_tThe Duel Dies --
_gTwo.
_tFreeing Chinese Feet --
_gThree.
_tSuppressing Atlantic Slavery --
_gFour.
_tWars Against Women --
_gFive.
_tLessons And Legacies.
520 1 _a""What causes moral progress? In this brilliant book, Kwame Anthony Appiah casts light on the role played by honor. This classical concept can be a lodestar in guiding us to a better future. It's an amazing and fascinating insight. This is an indispensable book for both moral philosophers and honorable citizens."---Walter Isaacson, author of Einstein: His Life and Universe" ""How stimulating it is to read the remarkable research of a brilliant mind into the concept of honor as the origin of morality as we know it, practiced or not! With fluency of argument and erudition, Appiah charts how history, philosophy, and psychology in action are sustained by patterns of behavior and feeling. This book is essential for us---inescapable in its urgent relevance to the embattled human morality we live within our codes of the present."---Nadine Gordimer, author of Telling Times" ""Appiah lays out a concept that is not only compelling in its own right but also suggests a connection that may in time help to collate biological and cultural exploration of human morality."---Edward O. Wilson, author of Sociobiology" ""Kwame Anthony Appiah's recent work has explored a scandalously neglected area of ethical theory: what motivates us to do the right thing? This book offers an important contribution to this area, by looking at honor codes---another neglected zone....A deeply insightful exposition of the dangers, the potential, and the (perhaps) ineradicable role of the human sense of honor."---Charles Taylor, author of A Secular Age" "How does moral progress happen? How are societies brought to repudiate immoral customs they have long accepted? In the Honor Code, Kwame Anthony Appiah explores a long-neglected engine of refom. Examining moral revolutions in the past---and campaigns against abhorrent practices today---he shows that appeals to reason, morality, or religion aren't enough to ring in reform. Practices are eradicated only when they come into conflict with honor." "In gripping detail, Appiah begins his work with a portrait of the often-deadly world of aristocratic Britain, where for centuries gentlemen challenged each other to duels. Recounting one of the last significant duels in that world---between a British prime minister and an eccentric earl---Appiah shows a society at the precipice of abrupt change. Turning to the other side of the world. Appiah investigates the end of footbinding in China. The practice had flourished for a thousand years, despite imperial attempts at prohibition, yet was extinguised in a generation. Appiah brings to life this imposing edicts from above but from harnessing the ancient power of honor from within." "In even more intricate ways, Appiah demonstrates ideas of honor that helped drive one of history's most significant moral revolutions---the fast-forming social consensus that led to the abolition of slavery throughout the British Empire and recruited ordinary men and women to the cause. Yet his interest isn't just historical. Appiah considers the horrifying persistence of "honor killing" in places like Pakistan, despite religious and moral condemnation, and the prospects for bringing it to an end by mobilizing a sense of collective honor---and of shame." "With a storyteller's flair and a philosopher's rigor. Appiah presents a new approach toward moral inquiry. Ranging from a great mandarin's abandonment of an ancient Chinese tradition to Frederick Douglass's meetings with abolitionist leaders in London. The Honor Code reveals how moral revolutions really succeed."--BOOK JACKET.
650 0 _aSocial change
_xHistory.
_912441
650 0 _aSocial change
_xMoral and ethical aspects.
_912442
650 0 _aHonor
_xSocial aspects
_xHistory.
_912443
650 0 _aSocial ethics.
_912444
900 _bTOC
942 _2lcc
_cMONOGRAPH
948 1 _a20101122
_bc
_csl13
_dMPS
948 2 _a20110210
_ba
_cvt2130
_dMPS
948 2 _a20120822
_ba
_crad1
_dMPS
999 _c121188
_d121188